Missing Word: Child's Play Quiz Stats

Quiz Updated Oct 13, 2016

Challenge
Share
Tweet
Embed
Score 0/20 Timer 03:00
0 Plays Today
Title Answer % Correct
Honey, I ________ the Kids
(1989)
Shrunk
96.1%
New Kids on the _______
(1986)
Block
94.9%
________...with Children
(1987-1997)
Married
87.2%
Child's _______
(1988)
Play
86.4%
________ Child O'Mine
(1988)
Sweet
85.6%
The ________ Kid
(1984)
Karate
85.5%
_________ My Children
(1970-2011)
All
84.3%
________ Cassidy and the Sundance Kid
(1969)
Butch
83%
The Diary of a ________ Kid
(2007/2010)
Wimpy
80.6%
Children of the ________
(1977/1984)
Corn
72.3%
Title Answer % Correct
The Kids Are ________
(1966)
Alright
65.7%
Kid _______
(1990)
Rock
64.8%
I'm ________ a Kid
(2001)
Just
59.5%
________ That Kid
(2004)
Catch
32.5%
Children of ________
(1992/2006)
Men
30.4%
With a Child's ________
(1966)
Heart
28.9%
Fat Albert and the ________ Kids
(1972-1985)
Cosby
26.1%
The ________ Children
(1924)
Boxcar
24.4%
________ Your Children
(1970)
Teach
19.6%
_______ Children and It
(1902)
Five
12.3%

Today's Daily Dose

Missing Word
Law Misconceptions

Word Ladder
Easy Math

On This Day
January 20th

You're not logged in!

Compare scores with friends on all Sporcle quizzes.
Sign Up with Email
OR
Log In

You Might Also Like...

Show Comments

Extras

Top Quizzes Today


Score Distribution

Your Account Isn't Verified!

In order to create a playlist on Sporcle, you need to verify the email address you used during registration. Go to your Sporcle Settings to finish the process.